[Event "Chernivtsi op"]
[Site "Chernivtsi"]
[Date "2021.07.22"]
[Round "4"]
[White "Korniy, Vitaliy"]
[Black "Grechko, Valentin"]
[Result "0-1"]
[WhiteElo "1938"]
[BlackElo "2104"]
[PlyCount "84"]
[EventDate "2021.07.20"]
[EventType "swiss"]
[EventRounds "9"]
[EventCountry "UKR"]
[SourceTitle "CBM 203 Extra"]
[Source "ChessBase"]
[SourceDate "2021.09.30"]
[SourceVersion "1"]
[SourceVersionDate "2021.09.30"]
[SourceQuality "1"]

1. d4 Nf6 2. c4 e6 3. Nf3 Bb4+ 4. Bd2 Be7 5. g3 d5 6. Qc2 0-0 7. Bg2 c6 8. 0-0 b6 9. Rd1 Bb7 10. b3 Na6 11. Bc3 Rc8 12. Nbd2 c5 13. dxc5 Nxc5 14. Ng5 h6 15. Bxf6 hxg5 16. Bxe7 Qxe7 17. cxd5 Bxd5 18. Bxd5 exd5 19. Nf1 Qf6 20. Qd2 Rfe8 21. f3 g4 22. fxg4 Ne4 23. Qd4 Qxd4+ 24. Rxd4 Nc3 25. Rd2 Nxe2+ 26. Kf2 Nc3 27. Kf3 Rcd8 28. Ne3 d4 29. Nc2 d3 30. Nb4 Rd6 31. g5 Ne4 32. Rxd3 Nxg5+ 33. Kf4 Ne6+ 34. Kg4 Nd4 35. Rf1 a5 36. Rf4 Rg6+ 37. Kh3 Ne6 38. Nd5 Nxf4+ 39. Nxf4 Rc6 40. Rd5 Rc2 41. Rb5 Rb8 42. a4 Rc5 0-1